| 000 | 00512nam a2200169Ia 4500 | ||
|---|---|---|---|
| 999 |
_c21661 _d21661 |
||
| 003 | OSt | ||
| 005 | 20201113112144.0 | ||
| 008 | 190216s9999||||xx |||||||||||||| ||und|| | ||
| 040 | _coclc | ||
| 082 |
_a808.066 _bAND/A |
||
| 100 |
_aAnderson, Jonathan _96333 |
||
| 245 | 0 |
_aAssignment And Thesis Writing / _cJonathan Anderson ; Millicent Poole |
|
| 260 |
_bWiley India, _c2014. _aDelhi: |
||
| 300 | _a173p | ||
| 650 | _aHistory Of Arabs | ||
| 942 |
_cBK _2ddc _h808.066 _iAND/A _k808.066 _mAND/A |
||